000 00631nam a2200265Ia 4500
005 20260306164333.0
008 008 260114s9999 xx 000 0 eng d
020 _a9780262321914
037 _aEBOOK
040 _aCRL
040 _beng
040 _cCRL
041 _2eng
041 _aeng
084 _qCRL
100 _aDiamond, Zodrow
_91130483
245 0 _aPathways To Fiscal Reform In The United States
260 _bThe MIT Press
260 _c2015
650 _aEconomics & Finance
856 _uhttps://academic.oup.com/book/22674
942 _cEBOOK
999 _c1713701
_d1713701